000 00485nam a22001577a 4500
005 20251108171740.0
008 250721s1980 xx 000 0 ara d
082 1 4 _aم/811.7/زهي
100 1 _aالبهاء زهير، أبو الفضل بهاء الدين زهير
245 1 0 _aديوان بهاء الدين زهير /
264 1 _aبيروت :
_bدار صادر،
_c1980.
300 _a415ص.
650 1 7 _aالشعر المملوكي
942 _2ddc
_cREF
999 _c61527
_d61527